000
00289nam a2200109Ia 4500
008
230320s9999||||xx |||||||||||||| ||spa||
082
_a
R/133.03/S79
100
_a
Ariel Ltda
245
0
_a
Diccionario Steiner Del Ocultismo La Psiquis Y Lo MÃstico
260
_b
Ariel Ltda
942
_8
0
_c
LIB
999
_c
25722
_d
25722